MAASAI MARA UNIVERSITY

LIBRARY CATALOGUE

Contact Us: +254 020 2685356/7 or 0774 057787

Box: 861-20500, NAROK, KENYA

Email: info@mmarau.ac.ke

Peter J. Paul (Record no. 3676)

MARC details
000 -LEADER
fixed length control field 00435nam a2200145Ia 4500
008 - FIXED-LENGTH DATA ELEMENTS--GENERAL INFORMATION
fixed length control field 151015s9999 xx 000 0 und d
020 ## - INTERNATIONAL STANDARD BOOK NUMBER
International Standard Book Number 9.7800731376e+012
050 ## - LIBRARY OF CONGRESS CALL NUMBER
Classification number HF5415.13.P387 2007
245 ## - TITLE STATEMENT
Title Peter J. Paul
250 ## - EDITION STATEMENT
Edition statement _Marketing mangement Knowledge and skills J. Peter Paul
300 ## - PHYSICAL DESCRIPTION
Extent Boston McGraw-Hill 2007
500 ## - GENERAL NOTE
General note Include index
650 ## - SUBJECT ADDED ENTRY--TOPICAL TERM
Topical term or geographic name as entry element _Marketing management
700 ## - ADDED ENTRY--PERSONAL NAME
Personal name ^d20120829 11:47:12^okorir

No items available.

© 2016 Maasai Mara University.